000 00410pab a2200169 454500
008 180718b2005 xxu||||| |||| 00| 0 eng d
100 _aMohan, V.
245 _aPerformance of libraries in fisheries educational institutes
260 _c2005
300 _ap.12-17.
362 _a6 Jun
650 _aEducation
650 _aLibraries
650 _aFisheries
773 _aUniversity News
909 _a65670
999 _c65670
_d65670